000 00889nam a2200265 c 4500
003 BLK
005 20190913121247.0
008 180911b bul|||||r ||||||| ||bul||
010 _a003349
040 _aBLK
041 _aDEU
080 _aСборник
_x92
_z830(092)92
100 1 _a
_eпърви автор
245 1 0 _aLESSING, Goethe, Schiller, Heine
246 _aBiogr. Darst. fur die Hand des Deutschlehrers
_bLESSING, Goethe, Schiller, Heine
260 _aBerlin
_bVolk und Wissen volkseigener Verl.
_c1954
300 _a455 с
_bс ил.
_c23 см
380 _a82
490 _aЧастна колекция - Академик Михаил Арнаудов
_gДарение - Основен фонд
650 4 _aБиографии
650 _aСборници
655 _aЛитературознание
852 _aМА 1018
942 _cKNG
_n0
944 _aCR
_c1996
_kValK
999 _c343688
_d343688